Geography Quiz

Random Geography or City Quiz

Top U.S. Metro Areas by Ethnic Group Quiz Stats

Quiz not verified by Sporcle

Challenge
Share
Tweet
Embed
Score 0/30 Timer 06:00
0 Plays Today
Ethnicity/Ancestry City (Metro Area) % Correct
CubanMiami
79.1%
ItalianNew York
78.8%
IrishNew York
76.6%
MexicanLos Angeles
75.4%
African-AmericanNew York
72.9%
ChineseNew York
72%
JamaicanNew York
71.6%
DominicanNew York
71.3%
RussianNew York
70.1%
GreekNew York
67.6%
Indian (Asian)New York
67.4%
KoreanLos Angeles
66%
BrazilianNew York
63%
FilipinoLos Angeles
62.8%
VietnameseLos Angeles
61.5%
Ethnicity/Ancestry City (Metro Area) % Correct
PolishChicago
61%
GermanChicago
53%
NorwegianMinneapolis
51.5%
CanadianBoston
44.6%
CajunHouston
40.6%
American IndianPhoenix
39.4%
FrenchBoston
37.9%
JapaneseHonolulu
33.4%
EthiopianWashington
32.3%
LebaneseDetroit
28.7%
WelshPhiladelphia
24.9%
PortugueseProvidence
18.2%
SpanishAlbuquerque
7.8%
DutchGrand Rapids
6.3%
DanishSalt Lake City
5.7%

You're not logged in!

Compare scores with friends on all Sporcle quizzes.
Sign Up with Email
OR
Log In

You Might Also Like...

Show Comments

Extras

Top Quizzes Today


Score Distribution

Your Account Isn't Verified!

In order to create a playlist on Sporcle, you need to verify the email address you used during registration. Go to your Sporcle Settings to finish the process.